A heart opened wide : (Record no. 6853)
[ view plain ]
| 000 -LEADER | |
|---|---|
| fixed length control field | 00652nam a2200229Ka 4500 |
| 001 - CONTROL NUMBER | |
| control field | 8311779 |
| 003 - CONTROL NUMBER IDENTIFIER | |
| control field | OSt |
| 005 - DATE AND TIME OF LATEST TRANSACTION | |
| control field | 20190121113521.0 |
| 008 - FIXED-LENGTH DATA ELEMENTS--GENERAL INFORMATION | |
| fixed length control field | 820406s1982 miu b 000 0 eng d |
| 020 ## - INTERNATIONAL STANDARD BOOK NUMBER | |
| International Standard Book Number | 0801054389 |
| 040 ## - CATALOGING SOURCE | |
| Original cataloging agency | CDC |
| Transcribing agency | CDC |
| 082 ## - DEWEY DECIMAL CLASSIFICATION NUMBER | |
| Classification number | 227.3 |
| Item number | K37H |
| 092 ## - LOCALLY ASSIGNED DEWEY CALL NUMBER (OCLC) | |
| Classification number | 227.3 |
| Item number | K37H |
| 100 1# - MAIN ENTRY--PERSONAL NAME | |
| Personal name | Kent, Homer Austin, |
| Dates associated with a name | 1926- |
| 245 12 - TITLE STATEMENT | |
| Title | A heart opened wide : |
| Remainder of title | studies in II Corinthians / |
| Statement of responsibility, etc. | Homer A. Kent, Jr |
| 260 ## - PUBLICATION, DISTRIBUTION, ETC. | |
| Place of publication, distribution, etc. | Grand Rapids : |
| Name of publisher, distributor, etc. | Baker, |
| Date of publication, distribution, etc. | c1982 |
| 300 ## - PHYSICAL DESCRIPTION | |
| Extent | 205 p. : |
| Other physical details | ill. ; |
| Dimensions | 20 cm |
| 490 0# - SERIES STATEMENT | |
| Series statement | New Testament studies |
| 504 ## - BIBLIOGRAPHY, ETC. NOTE | |
| Bibliography, etc. note | Bibliography: p. 203-205 |
| 630 00 - SUBJECT ADDED ENTRY--UNIFORM TITLE | |
| Uniform title | Bible. |
| Name of part/section of a work | Corinthians, 2nd |
| General subdivision | Commentaries |
| 942 ## - ADDED ENTRY ELEMENTS (KOHA) | |
| Source of classification or shelving scheme | Dewey Decimal Classification |
| Koha item type | Books |
| Withdrawn status | Lost status | Source of classification or shelving scheme | Damaged status | Not for loan | Collection code | Home library | Current library | Shelving location | Date acquired | Cost, normal purchase price | Total Checkouts | Full call number | Barcode | Date last seen | Price effective from | Koha item type |
|---|---|---|---|---|---|---|---|---|---|---|---|---|---|---|---|---|
| Dewey Decimal Classification | Non-fiction | Harvest Mission College | Harvest Mission College | General Stacks | 21.01.2019 | 1360.00 | 227.3 K37H | 007695 | 21.01.2019 | 21.01.2019 | Books |
